| 000 | 00501nam a2200169 i 4500 | ||
|---|---|---|---|
| 001 | 100495 | ||
| 003 | ES-MaACL | ||
| 005 | 20230906182703.0 | ||
| 007 | t| | ||
| 008 | 050928s1909 fr ||||1| fre d | ||
| 100 | 1 |
_aMaspero, Gaston ( _d1846-1916) _978770 |
|
| 245 | 1 | 0 |
_aHistoire ancienne des peuples del'Orient / _cGaston Maspero. |
| 260 |
_aParis : _bLahure, _c1909. |
||
| 300 |
_a912 p., 1 map. ; _c19 cm. |
||
| 651 | 4 |
_aOriente medio- _xHistoria- _yHasta 622. _99134 |
|
| 852 |
_aES-MaACL _jB-3151 |
||
| 999 |
_c100495 _d100495 |
||